000 00746nam a22002177a 4500
005 20170217114415.0
010 _aENG-117284
020 _a9789386062581
_c695.00
035 _aEN-100816
037 _bDBAD/PUB
082 0 0 _a303.324
100 _aBoddington,Nick
245 1 0 _aUnderstanding personal,social, health and economic education in primary schools /
_cby Nick boddington, Adrian King [and] Jenny McWhirter
260 _aNew Delhi
_bSAGE Publications
_c2014
270 _aB1/I-1 Mohan Cooperative Industrial Area, Mathura Road
_bNew Delhi
_e110044
300 _aix,283p. :
_c24cm(pbk)
_bill
500 _aIncludes index
700 _aAdrian King
700 _aJenny McWhirter
942 _2ddc
_cEN
_h303.324
_mBOD
999 _c137682
_d137682